Rural routes and networks (Record no. 102851)
[ view plain ]
| 000 -LEADER | |
|---|---|
| fixed length control field | 01062cam a2200253 4500 |
| 008 - FIXED-LENGTH DATA ELEMENTS--GENERAL INFORMATION | |
| fixed length control field | 030528n2002 000 0 eng u |
| 020 ## - INTERNATIONAL STANDARD BOOK NUMBER | |
| International Standard Book Number | 072773203X |
| 035 ## - SYSTEM CONTROL NUMBER | |
| System control number | (Sirsi) u122449 |
| 041 ## - LANGUAGE CODE | |
| Language code of text/sound track or separate title | eng |
| 050 ## - LIBRARY OF CONGRESS CALL NUMBER | |
| Classification number | 711.554 |
| -- | 18 |
| 110 ## - MAIN ENTRY--CORPORATE NAME | |
| Corporate name or jurisdiction name as entry element | Institution of Civil Engineers |
| 9 (RLIN) | 1402 |
| 245 ## - TITLE STATEMENT | |
| Title | Rural routes and networks |
| Remainder of title | creating and preserving routes that are sustainable, convenient, tranquil, attractive and safe |
| 260 ## - PUBLICATION, DISTRIBUTION, ETC. | |
| Place of publication, distribution, etc. | London |
| Name of publisher, distributor, etc. | Thomas Telford |
| Date of publication, distribution, etc. | 2002 |
| 300 ## - PHYSICAL DESCRIPTION | |
| Extent | 40p. |
| Dimensions | 30cm |
| 350 ## - PRICE (NR) (BK AM CF MU VM SE) [OBSOLETE] | |
| Price | 10 |
| 520 ## - SUMMARY, ETC. | |
| Summary, etc. | Report examines changing how rural routes and networks are approached. Investigates methods of: recreating a network of safe and pleasant rural routes for walking, cycling and horse riding; providing for those who live and work in the countryside and restoring and protecting the land's character and natural beauty. |
| 650 ## - SUBJECT ADDED ENTRY--TOPICAL TERM | |
| Topical term or geographic name entry element | RURAL TRANSPORT |
| 650 ## - SUBJECT ADDED ENTRY--TOPICAL TERM | |
| Topical term or geographic name entry element | ROAD PLANNING |
| 650 ## - SUBJECT ADDED ENTRY--TOPICAL TERM | |
| Topical term or geographic name entry element | ROAD USE |
| 650 ## - SUBJECT ADDED ENTRY--TOPICAL TERM | |
| Topical term or geographic name entry element | SUSTAINABLE DEVELOPMENT |
| 690 ## - LOCAL SUBJECT ADDED ENTRY--TOPICAL TERM (OCLC, RLIN) | |
| Topical term or geographic name as entry element | TRANSPORT AND COMMUNICATION |
| 710 ## - ADDED ENTRY--CORPORATE NAME | |
| Corporate name or jurisdiction name as entry element | Countryside Agency |
| 9 (RLIN) | 3740 |
| 942 ## - ADDED ENTRY ELEMENTS (KOHA) | |
| Suppress in OPAC | 0 |
| Withdrawn status | Lost status | Source of classification or shelving scheme | Damaged status | Not for loan | Home library | Current library | Shelving location | Date acquired | Cost, normal purchase price | Total Checkouts | Full call number | Barcode | Date last seen | Copy number | Cost, replacement price | Price effective from | Koha item type |
|---|---|---|---|---|---|---|---|---|---|---|---|---|---|---|---|---|---|
| Dewey Decimal Classification | London | London | Folio | 07/01/2004 | 8.50 | F711.554 INS | 30068945 | 06/08/2019 | 1 | 8.50 | 06/08/2019 | Book |